ბათუმის შოთა რუსთაველის სახელმწიფო უნივერსიტეტის ბიბლიოთეკა

აჭარის მატერიალური კულტურის ძეგლები / (ბიბ.ჩანაწერი № 56331)

000 -ლიდერი
ფიქსირებული სიგრძის საკონტროლო ველი 01043nam a2200229Ia 4500
001 - საკონტროლო ნომერი
საკონტროლო ველი 23444
003 - საკონტროლო ნომრის იდენტიფიკატორი
საკონტროლო ველი GE_BSU
005 - ბოლო ოპერაციის თარიღი და დრო
საკონტროლო ველი 20260120182659.0
008 - ფიქსირებული სიგრძის მონაცემთა ელემენტები - ზოგადი ინფორმაცია
ფიქსირებული სიგრძის საკონტროლო ველი 181216s1962||||ge |||||||||||||| ||geo||
040 ## - კატალოგიზაციის წყარო
Transcribing agency GE_BSU
041 ## - ენის კოდი
Language code of text/sound track or separate title geo
080 ## - უნივერსალური ათობითი კლასიფიკაციის ინდექსი
Universal Decimal Classification number 726(479.223) + 904(479.223) ს-56
100 ## - მთავარი ჩანაწერი - პიროვნების სახელი
Personal name სიხარულიძე, ი.
9 (RLIN) 26702
245 ## - ცნობა სათაურის შესახებ
Title აჭარის მატერიალური კულტურის ძეგლები /
Statement of responsibility, etc ი. სიხრულიძე ; რედ.: დ. ხახუტაიშვილი ; მხატვ.: ა. ფოჩხუა.
264 ## - წარმოების, გამოცემის, დისტრიბუციის და სხვა ცნობები
გამოცემის, წარმოების, დისტრიბუციის... ადგილი ბათუმი :
გამოცემის, წარმოების, დისტრიბუციის... სახელწოდება სახელგამი,
გამოცემის, წარმოების, დისტრიბუციის... თარიღი 1962.
300 ## - ფიზიკური აღწერა
Extent 67გვ :
Other physical details 12ფ. ილ. ;
Dimensions 22 სმ.
653 ## - INDEX TERM--UNCONTROLLED
Uncontrolled term აჭარის მატერიალური კულტურის ძეგლები
700 ## - ADDED ENTRY--PERSONAL NAME
Personal name ხახუტაიშვილი, დ.
Relator term რედაქტორი
9 (RLIN) 3863
700 ## - ADDED ENTRY--PERSONAL NAME
Personal name ფოჩხუა, ა.
Relator term მხატვარი
9 (RLIN) 1958
942 ## - ADDED ENTRY ELEMENTS (KOHA)
Koha item type წიგნი
Source of classification or shelving scheme
ეგზემპლარები
ჩამოწერის სტატუსი დაკარგული ეგზემპლარის სტატუსი კლასიფიკაციის წყარო ან თაროზე გაწყობის სქემა დაზიანების სტატუსი არ გაიცემა მუდმივი მდებარეობა (დაცვის ადგილი) ამჟამინდელი ადგილსამყოფელი თაროზე განთავსების ადგილი შეძენის თარიღი ღირებულება, შესყიდვის ნორმალური ფასი სრული შენახვის შიფრი შტრიხკოდი ბოლო ოპერაციის თარიღი ეგზემპლარის მიმდევრობითი ნომერი (კეტერი?) ფასის ძალაში შესვლის თარიღი ეგზემპლარის სახეობა საჯარო შენიშვნა
          ბათუმის შოთა რუსთაველის სახელმწიფო უნივერსიტეტის მთავარი ბიბლიოთეკა ბათუმის შოთა რუსთაველის სახელმწიფო უნივერსიტეტის მთავარი ბიბლიოთეკა წიგნსაცავი 2018-12-17 0.72 726(479.223) + 904(479.223) ს-56 28357 2018-12-17 28375 2018-12-17 წიგნი 0.72 ₾.